Statistics for Països del Món

Click here to take the quiz!

General Stats

  • This quiz has been taken 48 times
  • The average score is 128 of 196

Answers on the Map

Answers color-coded by a green-red scale on the quiz's map according to % correct below.
 

Answer Stats

País% Correct
Espanya
100%
França
100%
Grècia
100%
Itàlia
100%
Portugal
100%
Rússia
100%
Àustria
97%
Brasil
97%
Canadà
97%
Irlanda
97%
Marroc
97%
Mèxic
97%
Noruega
97%
Polònia
97%
Albània
93%
Alemanya
93%
Argentina
93%
Austràlia
93%
Belarús
93%
Colòmbia
93%
Dinamarca
93%
Estònia
93%
Finlàndia
93%
Índia
93%
Islàndia
93%
Letònia
93%
Lituània
93%
Països Baixos
93%
Perú
93%
Regne Unit
93%
Suècia
93%
Suïssa
93%
Ucraïna
93%
Xile
93%
Xina
93%
Bèlgica
90%
Bolívia
90%
Bulgària
90%
Corea del Nord
90%
Corea del Sud
90%
Croàcia
90%
Cuba
90%
Eslovàquia
90%
Estats Units
90%
Iran
90%
Japó
90%
Madagascar
90%
Bòsnia i Hercegovina
86%
Egipte
86%
Eslovènia
86%
Moldàvia
86%
Montenegro
86%
Romania
86%
Sèrbia
86%
Turquia
86%
Uruguai
86%
Indonèsia
83%
Macedònia del Nord
83%
Paraguai
83%
Sud-àfrica
83%
Israel
79%
Líbia
79%
Mongòlia
79%
Nepal
79%
Nova Zelanda
79%
Vietnam
79%
Afganistan
76%
Algèria
76%
Aràbia Saudí
76%
Etiòpia
76%
Guinea
76%
Iraq
76%
Malta
76%
Panamà
76%
Somàlia
76%
Sudan
76%
Txèquia
76%
Equador
72%
Geòrgia
72%
Hongria
72%
Kosovo
72%
Luxemburg
72%
Oman
72%
Pakistan
72%
Tunísia
72%
Armènia
69%
Emirats Àrabs
Units
69%
Filipines
69%
Mònaco
69%
Nicaragua
69%
República Democràtica
del Congo
69%
Tailàndia
69%
Andorra
66%
Ciutat del Vaticà
66%
Congo
66%
El Salvador
66%
Guatemala
66%
Kenya
66%
Níger
66%
Veneçuela
66%
Xipre
66%
Belize
62%
Costa Rica
62%
Guyana
62%
Haití
62%
Líban
62%
Síria
62%
Surinam
62%
Uzbekistan
62%
Camerun
59%
Hondures
59%
Iemen
59%
Lao
59%
Mali
59%
Mauritània
59%
Nigèria
59%
Papua Nova Guinea
59%
Sri Lanka
59%
Sudan del Sud
59%
Txad
59%
Cambodja
55%
Guinea Equatorial
55%
Jamaica
55%
Jordània
55%
Myanmar
55%
San Marino
55%
Senegal
55%
Singapur
55%
Taiwan
55%
Angola
52%
Bangladesh
52%
Estats Federats
de Micronèsia
52%
Ghana
52%
Kazakhstan
52%
República Dominicana
52%
Tanzània
52%
Eritrea
48%
Guinea-Bissau
48%
Namíbia
48%
Qatar
48%
Antigua i Barbuda
45%
Barbados
45%
Bhutan
45%
Cap Verd
45%
Gàmbia
45%
Illes Marshall
45%
Kiribati
45%
Lesotho
45%
Libèria
45%
Malàisia
45%
Malawi
45%
Maldives
45%
Seychelles
45%
Trinidad i Tobago
45%
Turkmenistan
45%
Tuvalu
45%
Fiji
41%
Liechtenstein
41%
Moçambic
41%
República
Centreafricana
41%
Ruanda
41%
Togo
41%
Uganda
41%
Zimbàbue
41%
Benín
38%
Botswana
38%
Burkina Faso
38%
Burundi
38%
Costa d'Ivori
38%
Dominica
38%
Eswatini
38%
Grenada
38%
Illes Salomó
38%
Nauru
38%
Palau
38%
Saint Vincent i les
Grenadines
38%
São Tomé i Príncipe
38%
Zàmbia
38%
Azerbaidjan
34%
Bahames
34%
Brunei
34%
Gabon
34%
Maurici
34%
Saint Kitts i Nevis
34%
Samoa
34%
Sierra Leone
34%
Timor-Leste
34%
Kuwait
31%
Saint Lucia
31%
Tonga
31%
Vanuatu
31%
Comores
28%
Djibouti
28%
Tadjikistan
28%
Bahrain
21%
Kirguiztan
17%

Score Distribution

Percentile by Number Answered

Percent of People with Each Score

Your Score History

You have not taken this quiz